Cooking class : Chinese cook book

Bibliographic Details
Format: Book
Published: London : Merechurst Limited , 1994
Subjects:

MARC

LEADER 00000cam a2200000 7i4500
001 0000004590
002 000004950
005 20000330.0
020 |a 1853913588 
090 0 0 |a 641.592951   |b COO 
245 1 0 |a Cooking class :   |b Chinese cook book 
260 |a London :   |b Merechurst Limited ,   |c 1994 
300 |a 94p. :   |b ill. ;   |c 22cm. 
650 0 0 |a Cookery, Chinese 
999 |a 037404   |b BUKU   |c PINJAMAN   |e PERPUSTAKAAN KOMUNITI PETALING JAYA